000 00476nam a2200169Ia 4500
003 LK-CoDNM
008 010623t1888 xxu||||| |||| 00| 1 eng d
040 _aLK-CoDNM
_dLK-CoDNM
_eLK-CoDNM
041 _aeng
080 _a6 M.13
100 _aSarasin, Fritz
245 _aErgebnisse Naturwissenenschaftlicher for Schungen Aup Ceylon
260 _bC.W. Kreidel's Verlag
_aWieshaden
_c1887
_c1893
300 _b84p.,84pl., iill., 32 cm
700 _aSarasin, Paul
942 _cBK
999 _c82998
_d82998